Nástroje marketingového mixu vybraného podniku diplomová práca

Guardado en:
Detalles Bibliográficos
Autor principal: Škrabák, Ivan
Autor Corporativo: Obchodná fakulta EU. Katedra marketingu
Otros Autores: Kita, Jaroslav
Formato: Libro
Lenguaje:eslovaco
Publicado: Bratislava 2013
Etiquetas: Agregar Etiqueta
Sin Etiquetas, Sea el primero en etiquetar este registro!

MARC

LEADER 00000nbm a2200000 4500
001 0169694
005 20161109102320.7
041 0 |a slo 
044 |a SK 
245 1 0 |a Nástroje marketingového mixu vybraného podniku  |b diplomová práca  |c Ivan Škrabák ; školiteľ: Pavol Kita 
264 1 |a Bratislava  |c 2013 
300 |a 60 s. 
100 1 |a Škrabák, Ivan 
700 1 |a Kita, Jaroslav 
710 2 |a Obchodná fakulta EU. Katedra marketingu